Những nội dung cơ bản của luật bảo vệ và phát triển rừng năm 2004
Gespeichert in:
| Körperschaft: | |
|---|---|
| Format: | Buch |
| Sprache: | Undetermined |
| Veröffentlicht: |
Hà Nội
Tư pháp
2004
|
| Schlagworte: | |
| Tags: |
Tag hinzufügen
Keine Tags, Fügen Sie den ersten Tag hinzu!
|
| Thư viện lưu trữ: | Trung tâm Học liệu Trường Đại học Cần Thơ |
|---|
| LEADER | 00656nam a2200205Ia 4500 | ||
|---|---|---|---|
| 001 | CTU_73848 | ||
| 008 | 210402s9999 xx 000 0 und d | ||
| 020 | |c 15500 | ||
| 082 | |a 346.04675 | ||
| 082 | |b V500 | ||
| 110 | |a Vụ công tác lập pháp | ||
| 245 | 0 | |a Những nội dung cơ bản của luật bảo vệ và phát triển rừng năm 2004 | |
| 245 | 0 | |c Vụ công tác lập pháp | |
| 260 | |a Hà Nội | ||
| 260 | |b Tư pháp | ||
| 260 | |c 2004 | ||
| 650 | |a Atural resources | ||
| 904 | |i Năm, Qhieu | ||
| 910 | |a Sửa Cutter thành V500 | ||
| 980 | |a Trung tâm Học liệu Trường Đại học Cần Thơ | ||